Overwatch - Héros par leur vrai noms - Statistiques

Statistiques générales
  • Ce quiz a été pris 172 fois
    85 depuis la dernière actualisation
  • Le résultat moyen est 38 sur 42
Statistiques - réponses
Hint Réponse % Correct
Brigitte Lindholm Brigitte
100%
Orisa Orisa
100%
Reinhardt Wilhelm Reinhardt
100%
Echo Echo
98%
Juno Juno
98%
Ana Amari Ana
97%
Angela Ziegler Ange
97%
Elizabeth Caledonia "Calamity" Ashe Ashe
97%
Jean-Baptiste Augustin Baptiste
97%
Cole Cassidy (Jesse McCree) Cassidy
97%
Genji Shimada Genji
97%
Hanzo Shimada Hanzo
97%
Kiriko Kamori Kiriko
97%
Lucio Correia Dos Santos Lucio
97%
Mauga Malosi Mauga
97%
Mei-Ling Zhou Mei
97%
Moira O’Deorain Moira
97%
Ramattra Ramattra
97%
Torbjorn Lindholm Torbjorn
97%
Winston Winston
97%
Aleksandra Zaryanova Zarya
97%
Tekhartha Zenyatta Zenyatta
97%
Automate de siège des Laboratoires SST E54, « Bastion » Bastion
95%
Illari Quispe Ruiz Illari
95%
Amélie Lacroix Fatale
93%
Fareeha Amari Pharah
93%
Hammond Bouldozer
92%
Gabriel Reyes Faucheur
90%
John Francis "Jack" Morrison Soldat 76
89%
Lena Oxton Tracer
85%
Vivian Chase Sojourn
84%
Hana Song D.va
82%
Siebren De Kuiper Sigma
82%
Jamison Fawkes Chacal
80%
Mako Rutledge Chopper
80%
Ankande Ogundimu Doomfist
80%
Satya Vaswani Symmetra
79%
Niran PruksaManne Vital
74%
Olivia Colomar Sombra
69%
Odessa "Dez" Stone Reine Des Junkers
67%
Sloan Cameron Venture
59%
Findlay Docherty Danger
56%
Aucun quiz correspondant
Distribution des résultats
% des personnes avec chaque résultat
Percentile par nombre de réponses
Votre historique - résultats
Vous n’avez pas pris ce quiz depuis la dernière actualisation